书目信息 |
| 题名: |
“钱伯斯”世界历史地图
|
|
| 作者: | 杨慧玫 译 | |
| 分册: | ||
| 出版信息: | 北京 三联书店出版 1981.12 |
|
| 页数: | 90页 | |
| 开本: | 21cm | |
| 丛书名: | ||
| 单 册: | ||
| 中图分类: | K991 | |
| 科图分类: | ||
| 主题词: | 地图 | |
| 电子资源: | ||
| ISBN: | ||
| 000 | 00522nam0 2200193 45 | |
| 001 | 0405131786 | |
| 005 | 20060412152336.31 | |
| 010 | @dCNY1.65 | |
| 091 | @a11002.559 | |
| 100 | @a20040513d1981 km y0chiy0120 ea | |
| 101 | 0 | @achi |
| 200 | 1 | @a“钱伯斯”世界历史地图@A“Qian Bo Si”Shi Jie Li Shi Di Tu@f杨慧玫译@FYang Hui Mei Yi |
| 210 | @a北京@c三联书店出版@d1981.12 | |
| 215 | @a90页@d21cm | |
| 606 | 0 | @a地图 |
| 690 | @aK991@v3 | |
| 701 | 0 | @a杨慧玫@4译 |
| 801 | @aCN@bTSTCL@c20060412 | |
| 905 | @f3@b173385-387@dK991@e2 | |
| “钱伯斯”世界历史地图/杨慧玫译.-北京:三联书店出版,1981.12 |
| 90页;21cm |
| ISBN :CNY1.65 |
| ● |
| 相关链接 |
|
|
|
|
正题名:"钱伯斯"世界历史地图
索取号:K991/2
 
预约/预借
| 序号 | 登录号 | 条形码 | 馆藏地/架位号 | 状态 | 备注 |
| 1 | 0064436 | 202217546 | 密集书库/ [索取号:K991/2] | 在馆 | |
| 2 | 0064438 | 202217555 | 密集书库/ [索取号:K991/2] | 在馆 | |
| 3 | 0173385 | 000083251 | 第二借阅区/ [索取号:K991/2] | 在馆 | |
| 4 | 0173386 | 000083233 | 第二借阅区/ [索取号:K991/2] | 在馆 | |
| 5 | 0173387 | 000083242 | 第二借阅区/ [索取号:K991/2] | 在馆 | |
| 6 | 0200209 | 202217591 | 第二借阅区/ [索取号:K991/2] | 在馆 | |
| 7 | 0200210 | 202256165 | 密集书库/ [索取号:K991/2] | 在馆 | |
| 8 | 0786706 | 207867067 | 第二样本阅览室/ [索取号:K991/2] | 在馆 |